Statystyki dla Kraje według granic #1

Kliknij tutaj aby rozwiązać quiz!

Ogólne statystyki

  • Ten quiz został rozwiązany 400 razy
  • Średni wynik to 13 z 20

Statystyki odpowiedzi

Granice lądoweKraj% Poprawnych
Rosja, Finlandia, SzwecjaNorwegia
95%
Chiny, RosjaMongolia
92%
WłochyWatykan
92%
WłochySan Marino
86%
Rumunia, UkrainaMołdawia
78%
Włochy, Austria, Węgry, ChorwacjaSłowenia
75%
Chiny, IndieNepal
73%
Brazylia, Argentyna, BoliwiaParagwaj
72%
Arabia Saudyjska, OmanJemen
70%
Mauretania, Hiszpania, AlgieriaMaroko
68%
Chiny, IndieBhutan
64%
Gujana, Brazylia, FrancjaSurinam
60%
Arabia Saudyjska, OmanZjednoczone Emiraty Arabskie
53%
Sudan, Dżibuti, EtiopiaErytrea
52%
IndonezjaPapua Nowa Gwinea
49%
Honduras, GwatemalaSalwador
48%
IndonezjaTimor Wschodni
48%
RPA, MozambikEswatini
38%
Kamerun, GabonGwinea Równikowa
38%
Zambia, Tanzania, MozambikMalawi
34%

Rozkład punktacji

Percentyl według liczby udzielonych odpowiedzi

Procent ludzi z każdym wynikiem

Twoja historia wyników

Nie rozwiązałeś tego quizu